[Event "EU Small Countries ol"]
[Site "Andorra"]
[Date "2009.06.25"]
[Round "7"]
[White "Lebel Arias, Julia"]
[Black "Wagner, Steven"]
[Result "0-1"]
[WhiteElo "1975"]
[BlackElo "2139"]
[PlyCount "138"]
[EventDate "2009.06.21"]
[EventType "team"]
[EventRounds "9"]
[EventCountry "AND"]
[SourceTitle "CBM 130 Extra"]
[Source "ChessBase"]
[SourceDate "2009.07.02"]
[SourceVersion "2"]
[SourceVersionDate "2009.07.15"]
[SourceQuality "1"]

1. d4 b5 2. Nf3 Bb7 3. Bf4 e6 4. e3 a6 5. Nbd2 d5 6. Be2 c5 7. 0-0 Nf6 8. h3 c4 9. c3 Be7 10. Ne5 0-0 11. Bf3 Ne4 12. Bxe4 dxe4 13. Qg4 Kh8 14. Qh5 g6 15. Qh6 Bf6 16. Ng4 Bg7 17. Qg5 f6 18. Qc5 h5 19. Bc7 Qe8 20. Nh2 Rf7 21. Qd6 g5 22. Bxb8 Rxb8 23. h4 e5 24. hxg5 Bf8 25. Qb6 Bc6 26. Qa5 fxg5 27. a4 Bd6 28. axb5 axb5 29. Qa2 Qe7 30. d5 Bxd5 31. Qb1 Qb7 32. Qd1 g4 33. g3 Rg8 34. Kg2 Rf5 35. Qe2 Kg7 36. Ra2 Rgf8 37. Qd1 Bc5 38. Qa1 Qf7 39. Qe1 b4 40. Ra5 Bd6 41. Ra6 Rd8 42. Qe2 Bb7 43. Ra4 Qd7 44. Rfa1 Rdf8 45. Nxc4 Rxf2+ 46. Qxf2 Rxf2+ 47. Kxf2 Qf7+ 48. Kg1 Qxc4 49. Ra7 Qb5 50. Nf1 Kf6 51. c4 Qb6 52. b3 Kg5 53. R7a2 Bc5 54. Re2 Qd6 55. Raa2 h4 56. gxh4+ Kxh4 57. Rh2+ Kg5 58. Rab2 Qf8 59. Rhf2 Qe7 60. Rfe2 Bc6 61. Rg2 Qa7 62. Rge2 Qb6 63. Kg2 Qa7 64. Kg3 Qa1 65. Kg2 Qa3 66. Red2 Qa7 67. Kg3 Be7 68. Rh2 Qa1 69. Rhf2 Qd1 0-1

[Event "EU Small Countries ol"]
[Site "Andorra"]
[Date "2009.06.22"]
[Round "3"]
[White "Wagner, Steven"]
[Black "Guller, Andras"]
[Result "1/2-1/2"]
[WhiteElo "2139"]
[BlackElo "2080"]
[PlyCount "34"]
[EventDate "2009.06.21"]
[EventType "team"]
[EventRounds "9"]
[EventCountry "AND"]
[SourceTitle "CBM 130 Extra"]
[Source "ChessBase"]
[SourceDate "2009.07.02"]
[SourceVersion "2"]
[SourceVersionDate "2009.07.15"]
[SourceQuality "1"]

1. e4 c5 2. Nf3 e6 3. d4 cxd4 4. Nxd4 a6 5. Bd3 Nf6 6. Qe2 d6 7. Nc3 Qc7 8. Bd2 Be7 9. g4 Nc6 10. Nxc6 bxc6 11. f4 Nd7 12. 0-0-0 Bb7 13. Na4 c5 14. c4 Bf6 15. Qe1 Bc6 16. Ba5 Qb7 17. Nc3 Bd4 1/2-1/2

[Event "Kaupthing op"]
[Site "Differdange"]
[Date "2008.05.10"]
[Round "6"]
[White "Berend, Elvira S"]
[Black "Wagner, Steven"]
[Result "1-0"]
[WhiteElo "2303"]
[BlackElo "2134"]
[PlyCount "95"]
[EventDate "2008.05.10"]
[EventType "swiss"]
[EventRounds "9"]
[EventCountry "LUX"]
[SourceTitle "CBM 124 Extra"]
[Source "ChessBase"]
[SourceDate "2008.07.03"]
[SourceVersion "1"]
[SourceVersionDate "2008.07.03"]
[SourceQuality "1"]

1. Nf3 d5 2. g3 Nf6 3. Bg2 e6 4. 0-0 Be7 5. d3 b6 6. c4 Bb7 7. cxd5 exd5 8. Nc3 0-0 9. d4 Ne4 10. Qc2 Nd7 11. Bf4 Bd6 12. Bxd6 Nxd6 13. Ne5 Nf6 14. Rac1 c6 15. Qa4 b5 16. Qc2 Qb6 17. e3 Rfc8 18. Ne2 Nc4 19. Nd3 b4 20. Nc5 Ba6 21. Nf4 Bb5 22. Rfd1 a5 23. b3 Nd6 24. Nfd3 Bxd3 25. Qxd3 Nb5 26. Na4 Qb7 27. Rd2 Na3 28. Qf5 Nd7 29. e4 g6 30. Qf4 Nb6 31. Nxb6 Qxb6 32. exd5 cxd5 33. Rxc8+ Rxc8 34. Bxd5 Qc7 35. Qf3 Nb5 36. Rc2 Nc3 37. Bc4 Rd8 38. Rd2 Rd6 39. Qf4 Qe7 40. Bxf7+ Kg7 41. Bc4 Rf6 42. Qe5 Qf8 43. Be6 Kh6 44. d5 Qe7 45. f4 Qa7+ 46. Kg2 Rf8 47. g4 a4 48. Rd3 1-0

[Event "Kaupthing op"]
[Site "Differdange"]
[Date "2008.05.10"]
[Round "9"]
[White "Wagner, Steven"]
[Black "Bakalarz, Grazyna"]
[Result "0-1"]
[WhiteElo "2134"]
[BlackElo "2006"]
[PlyCount "116"]
[EventDate "2008.05.10"]
[EventType "swiss"]
[EventRounds "9"]
[EventCountry "LUX"]
[SourceTitle "CBM 124 Extra"]
[Source "ChessBase"]
[SourceDate "2008.07.03"]
[SourceVersion "1"]
[SourceVersionDate "2008.07.03"]
[SourceQuality "1"]

1. e4 g6 2. d4 Bg7 3. Nc3 d6 4. Be3 a6 5. Qd2 Nd7 6. 0-0-0 b5 7. f3 Bb7 8. g4 e6 9. h4 h6 10. Nge2 Nb6 11. Ng3 b4 12. Nb1 a5 13. f4 Nf6 14. d5 exd5 15. g5 hxg5 16. hxg5 Rxh1 17. Bb5+ c6 18. Rxh1 Nxe4 19. Nxe4 dxe4 20. Bd4 cxb5 21. Bxg7 Kd7 22. Bf6 Qc7 23. Qe2 Qc4 24. Qg4+ Qe6 25. Qe2 Qc4 26. Qg4+ Kc7 27. b3 Qd5 28. Kb2 a4 29. c3 axb3 30. axb3 Bc8 31. Qe2 Be6 32. Qc2 Qc6 33. Rc1 Kb7 34. Qe2 Qd5 35. Nd2 bxc3+ 36. Rxc3 b4 37. Rc1 Qa5 38. Kc2 Rc8+ 39. Kd1 Rxc1+ 40. Kxc1 Qc5+ 41. Kb2 d5 42. Nf1 Nd7 43. Bg7 Qa5 44. Qc2 Nc5 45. Kb1 Qb5 46. Ne3 Qd3 47. Bf8 Qxb3+ 48. Qxb3 Nxb3 49. Bxb4 Kc6 50. Kb2 d4 51. Ng2 Kb5 52. Be1 Kc4 53. Kc2 e3 54. Bg3 Bf5+ 55. Kd1 Bh3 56. Ne1 d3 57. Nxd3 Kxd3 58. Ke1 Nd4 0-1

[Event "Kaupthing op"]
[Site "Differdange"]
[Date "2008.05.10"]
[Round "4"]
[White "Wagner, Steven"]
[Black "Dembo, Yelena"]
[Result "1/2-1/2"]
[WhiteElo "2134"]
[BlackElo "2429"]
[PlyCount "73"]
[EventDate "2008.05.10"]
[EventType "swiss"]
[EventRounds "9"]
[EventCountry "LUX"]
[SourceTitle "CBM 124 Extra"]
[Source "ChessBase"]
[SourceDate "2008.07.03"]
[SourceVersion "1"]
[SourceVersionDate "2008.07.03"]
[SourceQuality "1"]

1. e4 c5 2. Nf3 e6 3. d4 cxd4 4. Nxd4 Nc6 5. Nc3 Qc7 6. g3 a6 7. Bg2 d6 8. 0-0 Bd7 9. Kh1 Nf6 10. h3 h5 11. Nce2 Be7 12. c3 Rd8 13. b4 Ne5 14. a4 Nc4 15. b5 a5 16. Qd3 Rc8 17. Nc2 Ne5 18. Qd1 Nc4 19. Ne3 Nxe3 20. Bxe3 e5 21. f4 Be6 22. Re1 Bc4 23. Nc1 Rd8 24. Qc2 d5 25. Qf2 Qd7 26. Bb6 Rc8 27. exd5 e4 28. Ne2 Nxd5 29. Bd4 f5 30. Bxg7 Rg8 31. Bd4 Qe6 32. Rg1 Kf7 33. Bf1 Rg6 34. Be5 Bc5 35. Nd4 Bxd4 36. Bxd4 Bxf1 37. Raxf1 1/2-1/2

[Event "Wch U18"]
[Site "Kemer"]
[Date "2007.11.25"]
[Round "8"]
[White "Wagner, Steven"]
[Black "Liu, Elliott"]
[Result "0-1"]
[WhiteElo "2125"]
[BlackElo "2259"]
[PlyCount "108"]
[EventDate "2007.11.18"]
[EventType "swiss"]
[EventRounds "11"]
[EventCountry "TUR"]
[SourceTitle "CBM 121 Extra"]
[Source "ChessBase"]
[SourceDate "2008.01.10"]
[SourceVersion "1"]
[SourceVersionDate "2008.01.10"]
[SourceQuality "1"]

1. e4 c5 2. a3 Nc6 3. b4 cxb4 4. axb4 Nxb4 5. c3 Nc6 6. d4 d5 7. exd5 Qxd5 8. Na3 Bf5 9. Nf3 Rc8 10. Be2 e6 11. Nc4 Qd8 12. Qb3 Qd7 13. g3 Bd6 14. Nxd6+ Qxd6 15. Qxb7 Nge7 16. 0-0 Rb8 17. Qa6 Rb6 18. Qa4 0-0 19. Nd2 Qd7 20. Ba3 Rb7 21. Bc5 Rb2 22. Bf3 Rxd2 23. Bxe7 Nxd4 24. cxd4 Qxe7 25. d5 Bh3 26. Rfd1 Qf6 27. Qb3 exd5 28. Rxd2 Qxa1+ 29. Rd1 Qf6 30. Qxd5 a5 31. Be4 Qe6 32. Qd3 g6 33. Bd5 Qe5 34. Qb5 Qc3 35. Rb1 Rc8 36. Rd1 Kg7 37. Qb1 a4 38. Qa2 Rd8 39. Rb1 Qd3 40. Qa1+ f6 41. Bc6 a3 42. Bg2 Bxg2 43. Kxg2 Qe4+ 44. Kg1 Rd2 45. Rf1 a2 46. Qc3 Qd4 47. Qc7+ Kh6 48. Qc1 g5 49. Qa3 Rxf2 50. Qf8+ Kh5 51. Qe8+ Kg4 52. h3+ Kxg3 53. Qb8+ Rf4+ 54. Kh1 Qe4+ 0-1

[Event "Wch U18"]
[Site "Kemer"]
[Date "2007.11.18"]
[Round "1"]
[White "Margvelashvili, Giorgi"]
[Black "Wagner, Steven"]
[Result "1-0"]
[WhiteElo "2451"]
[BlackElo "2125"]
[PlyCount "85"]
[EventDate "2007.11.18"]
[EventType "swiss"]
[EventRounds "11"]
[EventCountry "TUR"]
[SourceTitle "CBM 121 Extra"]
[Source "ChessBase"]
[SourceDate "2008.01.10"]
[SourceVersion "1"]
[SourceVersionDate "2008.01.10"]
[SourceQuality "1"]

1. d4 d5 2. c4 e5 3. dxe5 d4 4. Nf3 Nc6 5. Nbd2 Be6 6. Nb3 Bxc4 7. Nbxd4 Bb4+ 8. Bd2 Nxd4 9. Bxb4 Nxf3+ 10. exf3 Bxf1 11. Kxf1 Qh4 12. Qa4+ c6 13. Qb3 0-0-0 14. Re1 Rd5 15. Re4 Qd8 16. g3 Nh6 17. Kg2 Nf5 18. Rc1 Re8 19. Bd6 Nxd6 20. Qxd5 Nxe4 21. Qxe4 Qa5 22. Qf5+ Kb8 23. Qxf7 Qxe5 24. Rd1 Qe7 25. Qf4+ Ka8 26. Qe4 a5 27. Re1 Qxe4 28. fxe4 b5 29. f4 Kb7 30. e5 b4 31. Rd1 Re7 32. Kf3 c5 33. Ke4 c4 34. f5 c3 35. bxc3 bxc3 36. Rb1+ Ka6 37. e6 Rc7 38. Kd3 c2 39. Rc1 Rc5 40. Rxc2 Rxf5 41. e7 Rd5+ 42. Ke4 Rd1 43. Re2 1-0

[Event "Kaupthing op-A 1st"]
[Site "Differdange"]
[Date "2007.07.12"]
[Round "7"]
[White "Mertens, Marc"]
[Black "Wagner, Steven"]
[Result "1-0"]
[WhiteElo "2207"]
[BlackElo "2120"]
[PlyCount "140"]
[EventDate "2007.07.07"]
[EventType "swiss"]
[EventRounds "9"]
[EventCountry "LUX"]
[SourceTitle "CBM 119 Extra"]
[Source "ChessBase"]
[SourceDate "2007.09.04"]
[SourceVersion "1"]
[SourceVersionDate "2007.09.04"]
[SourceQuality "1"]

1. e4 e6 2. d4 d5 3. Nd2 Nf6 4. e5 Nfd7 5. c3 c5 6. Bd3 Nc6 7. Ne2 b6 8. f4 c4 9. Bc2 g6 10. 0-0 Bb7 11. Nf3 Be7 12. b3 Qc7 13. Nd2 Na5 14. b4 Nc6 15. a4 a6 16. Nf3 Na7 17. Be3 0-0-0 18. Bf2 Rdg8 19. Bh4 Qd8 20. Bxe7 Qxe7 21. Rf2 Kb8 22. g3 Nc8 23. h3 Qf8 24. Qd2 Ne7 25. Rh2 h6 26. Rf1 Nc8 27. Rff2 f5 28. exf6 Nxf6 29. Ne5 Qe8 30. Qe3 Nd6 31. g4 Nfe4 32. Rf1 h5 33. Ng3 Qe7 34. Nxe4 dxe4 35. Rff2 Rg7 36. Rfg2 Qf6 37. Qg3 h4 38. Qe3 Bd5 39. Rf2 Kb7 40. Rf1 Rhg8 41. Rhf2 Nf5 42. Qc1 e3 43. Rh2 Ng3 44. Re1 e2 45. Rf2 Rf8 46. Qe3 Rgg8 47. Bb1 Ka7 48. Ba2 Rc8 49. Bb1 Ba8 50. g5 Qe7 51. Nxg6 Qb7 52. Rh2 Nf1 53. Rxf1 exf1Q+ 54. Kxf1 Qd7 55. Bc2 Qf7 56. Ne5 Qh5 57. Rf2 Qe8 58. Ke1 a5 59. bxa5 bxa5 60. d5+ Ka6 61. d6 Bc6 62. Nxc4 Rg7 63. Qc5 Rg8 64. Qe3 Rb8 65. Qc5 Bb5 66. axb5+ Rxb5 67. Qd4 Qc6 68. Bd3 Qh1+ 69. Rf1 Qxh3 70. Na3 Qg3+ 1-0

[Event "Kaupthing op-A 1st"]
[Site "Differdange"]
[Date "2007.07.08"]
[Round "3"]
[White "Haerri, Adrian"]
[Black "Wagner, Steven"]
[Result "0-1"]
[WhiteElo "2000"]
[BlackElo "2120"]
[PlyCount "40"]
[EventDate "2007.07.07"]
[EventType "swiss"]
[EventRounds "9"]
[EventCountry "LUX"]
[SourceTitle "CBM 119 Extra"]
[Source "ChessBase"]
[SourceDate "2007.09.04"]
[SourceVersion "1"]
[SourceVersionDate "2007.09.04"]
[SourceQuality "1"]

1. d4 d5 2. c4 e5 3. dxe5 d4 4. a3 Nc6 5. Nf3 Bg4 6. Nbd2 Qd7 7. b4 0-0-0 8. Bb2 Qe6 9. Qa4 Kb8 10. h3 Bxf3 11. Nxf3 Nxe5 12. Nxe5 Qxe5 13. Rd1 Nf6 14. Qb3 Qg5 15. Bc1 Qf5 16. Qf3 Qe6 17. Bg5 Be7 18. Rc1 Rhe8 19. g4 Ne4 20. Bd2 Nxd2 0-1

[Event "Cannes op"]
[Site "Cannes"]
[Date "2007.02.21"]
[Round "5"]
[White "Petrosian, Suren"]
[Black "Wagner, Steven"]
[Result "1-0"]
[WhiteElo "2391"]
[BlackElo "2083"]
[PlyCount "65"]
[EventDate "2007.02.18"]
[EventType "swiss"]
[EventRounds "9"]
[EventCountry "FRA"]
[SourceTitle "CBM 116 Extra"]
[Source "ChessBase"]
[SourceDate "2007.03.07"]
[SourceVersion "1"]
[SourceVersionDate "2007.03.07"]
[SourceQuality "1"]

1. e4 d5 2. exd5 Qxd5 3. Nc3 Qd8 4. d4 Nf6 5. Bg5 h6 6. Bh4 c6 7. Bc4 Bf5 8. Nf3 e6 9. Qe2 Bb4 10. 0-0-0 Bxc3 11. bxc3 0-0 12. g4 Bxg4 13. Rhg1 Bh5 14. Qe3 Kh7 15. Bd3+ g6 16. Ne5 Nd5 17. Bxd8 Nxe3 18. fxe3 f5 19. Be7 Re8 20. Bd6 Bxd1 21. Kxd1 Rg8 22. Bc4 Na6 23. Bxe6 Rg7 24. Nxg6 Rxg6 25. Bxf5 Rag8 26. e4 h5 27. e5 Kh6 28. Rxg6+ Rxg6 29. Bxg6 Kxg6 30. e6 Kf6 31. e7 Kf7 32. Ke2 Ke8 33. Ke3 1-0

[Event "Cannes op"]
[Site "Cannes"]
[Date "2007.02.21"]
[Round "4"]
[White "Wagner, Steven"]
[Black "Pepino, Enrico"]
[Result "1-0"]
[WhiteElo "2083"]
[BlackElo "2189"]
[PlyCount "77"]
[EventDate "2007.02.18"]
[EventType "swiss"]
[EventRounds "9"]
[EventCountry "FRA"]
[SourceTitle "CBM 116 Extra"]
[Source "ChessBase"]
[SourceDate "2007.03.07"]
[SourceVersion "1"]
[SourceVersionDate "2007.03.07"]
[SourceQuality "1"]

1. e4 c5 2. Nf3 d6 3. d4 cxd4 4. Nxd4 Nf6 5. Nc3 g6 6. Be3 Bg7 7. f3 0-0 8. Qd2 Nc6 9. Bc4 Bd7 10. 0-0-0 b5 11. Bxb5 Ne5 12. Be2 Qb8 13. Bh6 Rc8 14. Bxg7 Kxg7 15. g4 Qb7 16. g5 Nh5 17. f4 Nc4 18. Bxc4 Rxc4 19. b3 Rc5 20. Nd5 Be6 21. c4 Bxd5 22. exd5 Qxd5 23. Rhe1 Qb7 24. Ne2 Rac8 25. Qd3 d5 26. Qc3+ Kg8 27. Rd4 a5 28. Red1 e6 29. Kb1 Ng7 30. Qf3 Nf5 31. R4d2 Rxc4 32. Rb2 R4c7 33. h4 Qb6 34. h5 Ne3 35. Rh1 Nc2 36. hxg6 fxg6 37. a4 Nd4 38. Qe3 Qd6 39. Nxd4 1-0

[Event "Cannes op"]
[Site "Cannes"]
[Date "2007.02.18"]
[Round "1"]
[White "Dimitrov, Christo"]
[Black "Wagner, Steven"]
[Result "0-1"]
[WhiteElo "2299"]
[BlackElo "2083"]
[PlyCount "134"]
[EventDate "2007.02.18"]
[EventType "swiss"]
[EventRounds "9"]
[EventCountry "FRA"]
[SourceTitle "CBM 116 Extra"]
[Source "ChessBase"]
[SourceDate "2007.03.07"]
[SourceVersion "1"]
[SourceVersionDate "2007.03.07"]
[SourceQuality "1"]

1. e4 c5 2. Nc3 d6 3. f4 Nc6 4. Nf3 g6 5. Bb5 Bg7 6. Bxc6+ bxc6 7. d3 Rb8 8. 0-0 e6 9. e5 d5 10. Na4 Qa5 11. c4 Ne7 12. b3 Nf5 13. Qe1 Qc7 14. Ba3 Bf8 15. Qf2 d4 16. Bxc5 Bxc5 17. Nxc5 Qe7 18. Ne4 c5 19. Qd2 Qc7 20. Rab1 Ne3 21. Rfe1 Bb7 22. Nfg5 Ke7 23. Re2 h6 24. Nf3 Bxe4 25. dxe4 Rhd8 26. Qd3 g5 27. fxg5 hxg5 28. Rxe3 dxe3 29. Qxe3 Rg8 30. g4 Rbd8 31. Rf1 Rg7 32. Kg2 Rd7 33. Rf2 Kd8 34. Qc3 Qc6 35. Re2 Kc8 36. a3 Kd8 37. b4 Ke7 38. b5 Qc7 39. a4 Ke8 40. a5 Qd8 41. a6 Rd3 42. Qe1 Rh7 43. Qf2 Rc3 44. Rd2 Qe7 45. Rc2 Ra3 46. Ra2 Rb3 47. Qc2 Rb4 48. Rb2 Rxb2 49. Qxb2 Qc7 50. h3 Rg7 51. Qc3 Kd8 52. Nd2 Kc8 53. Nb3 Kb8 54. Na5 Qd7 55. Nc6+ Ka8 56. Qe3 Rh7 57. Qxg5 Rh8 58. Qe3 Qd1 59. Qxc5 Qe2+ 60. Kg3 Qd3+ 61. Kf4 Qf1+ 62. Kg5 Rg8+ 63. Kh4 Rh8+ 64. Kg5 Qc1+ 65. Kf6 Qh6+ 66. Kxf7 Rh7+ 67. Ke8 Qg6+ 0-1

[Event "LUX-ch U18"]
[Site "Bonnevoie"]
[Date "2000.02.26"]
[Round "1"]
[White "Wagner, Steven"]
[Black "Gomez, Daniel1111"]
[Result "1-0"]
[WhiteElo "1740"]
[BlackElo "1350"]
[PlyCount "39"]
[EventDate "2000.02.26"]
[EventType "swiss"]
[EventRounds "7"]
[EventCountry "LUX"]
[SourceTitle "EXT 2005"]
[Source "ChessBase"]
[SourceDate "2004.11.15"]
[SourceVersion "1"]
[SourceVersionDate "2004.11.15"]
[SourceQuality "1"]

1. e4 e5 2. Nf3 Nc6 3. d4 exd4 4. Nxd4 Nxd4 5. Qxd4 Nf6 6. Bg5 Be7 7. e5 Nh5 8. Bxe7 Qxe7 9. g4 Nf6 10. Be2 Ng8 11. Nc3 d6 12. exd6 cxd6 13. Nd5 Qd7 14. Qxg7 Qc6 15. Bb5 Qxb5 16. Nc7+ Kd8 17. Nxb5 Bd7 18. Qf8+ Be8 19. Qxd6+ Bd7 20. 0-0-0 1-0

[Event "Luxembourg-ch"]
[Site "Luxembourg"]
[Date "1999.04.07"]
[Round "5"]
[White "Wagner, Steven"]
[Black "Heyar, Fred"]
[Result "1-0"]
[WhiteElo "1648"]
[BlackElo "1617"]
[PlyCount "111"]
[EventDate "1999.04.03"]
[EventType "swiss"]
[EventRounds "9"]
[EventCountry "LUX"]
[SourceTitle "EXT 2005"]
[Source "ChessBase"]
[SourceDate "2004.11.15"]
[SourceVersion "1"]
[SourceVersionDate "2004.11.15"]
[SourceQuality "1"]

1. e4 e5 2. Nf3 Nc6 3. d4 d6 4. dxe5 dxe5 5. Qxd8+ Kxd8 6. Bc4 h6 7. Bxf7 Bg4 8. Bd5 Bxf3 9. Bxc6 bxc6 10. gxf3 Bc5 11. Be3 Bb6 12. Nd2 Ke7 13. Rg1 g5 14. 0-0-0 Nf6 15. Nc4 Ke6 16. Rd3 Rhg8 17. Bxb6 axb6 18. a3 Nh5 19. Rgd1 Rg7 20. Ne3 Nf6 21. Nf5 Rh7 22. Rc3 c5 23. b4 Nd7 24. bxc5 Nxc5 25. h4 Rf8 26. hxg5 hxg5 27. Rg1 Kf6 28. a4 Ra8 29. Ne3 Rxa4 30. Nd5+ Kg6 31. Kd2 Rd7 32. Ke3 Ne6 33. Rc6 Kf7 34. Rh1 Nf8 35. Rf6+ Kg7 36. Rf5 Ra3+ 37. Ke2 Ne6 38. c3 Rxc3 39. Nxc3 Nd4+ 40. Ke3 Nxf5+ 41. exf5 Rd4 42. Rh5 Kf6 43. Ne4+ Ke7 44. Rh7+ Kd8 45. Nxg5 Rd7 46. Ke4 b5 47. Ne6+ Ke8 48. Rxd7 Kxd7 49. Kxe5 b4 50. Nc5+ Ke7 51. f6+ Kf7 52. f4 c6 53. f3 Kf8 54. Ke6 Ke8 55. f7+ Kf8 56. Nd7+ 1-0

[Event "Luxembourg-ch"]
[Site "Luxembourg"]
[Date "1999.04.03"]
[Round "1"]
[White "Wagner, Steven"]
[Black "Verlaine, Alex"]
[Result "1-0"]
[WhiteElo "1648"]
[BlackElo "1997"]
[PlyCount "41"]
[EventDate "1999.04.03"]
[EventType "swiss"]
[EventRounds "9"]
[EventCountry "LUX"]
[SourceTitle "EXT 2005"]
[Source "ChessBase"]
[SourceDate "2004.11.15"]
[SourceVersion "1"]
[SourceVersionDate "2004.11.15"]
[SourceQuality "1"]

1. e4 d6 2. Nf3 g6 3. d4 Nf6 4. Nc3 Bg7 5. h3 0-0 6. Be3 e5 7. d5 Nbd7 8. Qd2 Nc5 9. Bxc5 dxc5 10. Bd3 Ne8 11. g4 Nd6 12. Rg1 Kh8 13. h4 f5 14. Ng5 fxg4 15. 0-0-0 c4 16. Be2 Rxf2 17. Qe3 Rf4 18. Rh1 Qf6 19. Qc5 Bh6 20. Qxc7 g3 21. Qxh7# 1-0